Conversaciones sobre la pluralidad de los mundos /
El filósofo francés de siglo XVIII, Bernard le Bovier de Fontenelle expone en este libro (publicado en 1686) un sistema cosmológico; se trata de una obra de divulgación literaria de las teorías de Copérnico, cuyo sistema adopta y defiende; por otro lado, sigue el método de Descartes. Expresa su auto...
I tiakina i:
| Kaituhi matua: | |
|---|---|
| Hōputu: | Pukapuka |
| Reo: | Pāniora |
| I whakaputaina: |
Madrid, España :
Aguilar,
1963, c1963
|
| Rangatū: | (Biblioteca de Iniciación al Humanismo)
|
| Ngā marau: | |
| Ngā Tūtohu: |
Kāore He Tūtohu, Me noho koe te mea tuatahi ki te tūtohu i tēnei pūkete!
|
MARC
| LEADER | 00000nam^a2200000^a^4500 | ||
|---|---|---|---|
| 001 | 000165950 | ||
| 005 | 20250521000000.0 | ||
| 009 | 20260310101035.788 | ||
| 037 | |a Acervo ITESO - Biblioteca | ||
| 041 | |a ESP | ||
| 082 | |a 113. |b FON | ||
| 100 | |a Fontenelle, Bernard le Bovier de |e (autor) | ||
| 245 | 1 | 0 | |a Conversaciones sobre la pluralidad de los mundos / |c B. le Bovier de Fontenelle ; pról., notas y tr. por Luis Hernández Alfonso. |
| 264 | 4 | |a Madrid, España : |b Aguilar, |c 1963, c1963 | |
| 300 | |a 160 p. | ||
| 336 | |a texto |b txt |2 rdacontenido | ||
| 337 | |a sin mediación |b n |2 rdamedio | ||
| 338 | |a volumen |b nc |2 rdasoporte | ||
| 440 | 1 | |a (Biblioteca de Iniciación al Humanismo) | |
| 520 | |a El filósofo francés de siglo XVIII, Bernard le Bovier de Fontenelle expone en este libro (publicado en 1686) un sistema cosmológico; se trata de una obra de divulgación literaria de las teorías de Copérnico, cuyo sistema adopta y defiende; por otro lado, sigue el método de Descartes. Expresa su autor que únicamente se propone divulgar los conocimientos atesorados hasta entonces, poniéndolos al alcance de los profanos en la materia. A lo largo de estas páginas, sistematiza las ideas que sobre la pluralidad de los mundos se habían planteado con anterioridad, para formar una hipótesis completa con ellas. | ||
| 649 | |a XX | ||
| 650 | |a Cosmogonía | ||
| 650 | |a Cosmología | ||
| 650 | |a Astronomía - |x Historia | ||
| 650 | |a Ciencia - |x Historia | ||
| 650 | |a Ciencia - |x Difusión | ||
| 650 | |a Filosofía de la Naturaleza | ||
| 650 | |a Epistemología | ||
| 650 | |a Filosofía del Renacimiento | ||
| 650 | |a Filosofía Francesa | ||
| 650 | |a Copérnico, Nicolás | ||
| 910 | |a Fondo Armando Suárez Gómez | ||
| 920 | |a Impresos - Libros | ||
| 930 | |a Fondos Especiales | ||
| 905 | |a 111 | ||
| 901 | |a 0700006997 |b IT2 |c ESP |u 20250521 | ||
| 902 | |a https://opac.biblio.iteso.mx/vufind/Record/000165950 | ||